Indemnización (Registro nro. 28617)
[ vista simple ]
| 000 -LEADER | |
|---|---|
| fixed length control field | 00368 a2200109 4500 |
| 001 - CONTROL NUMBER | |
| control field | ART_23536 |
| 005 - DATE AND TIME OF LATEST TRANSACTION | |
| control field | 20260410161931.0 |
| 008 - FIXED-LENGTH DATA ELEMENTS--GENERAL INFORMATION | |
| fixed length control field | 260409a |
| 100 1# - MAIN ENTRY--PERSONAL NAME | |
| Personal name | Mercado de Liserre, Mabel |
| 245 10 - TITLE STATEMENT | |
| Title | Indemnización |
| 773 0# - HOST ITEM ENTRY | |
| Title | Revista de la Facultad de Ciencias Económicas de la Universidad de Cuyo |
| Related parts | - Año XIX, Nº 57 (sep./dic. 1967) |
| Record control number | REV22981 |
No hay ítems disponibles.